000 00627nam a2200205Ii 4500
003 JO-AjNU
008 230606s9999||||xx |||||||||||||| ||und||
020 _a978-93-80228-23-5
040 _aJO-AjNU
_beng
_erda
_cJO-AjNU
041 _aeng
050 1 4 _aHD31.2009
100 3 _aRatra,Avinash,
_eauthor
_9278
245 0 0 _aMODERN MANAGEMENT:Diversity,Quality,Ethics and the Global Environment
264 3 1 _aNEW DELHI:GLOBAL INDIA PUBLICATIONS PVT LTD,2009
300 _a304p
336 _atext
_btxt
_2rdacontent
337 _aunmediated
_bn
_2rdamedia
338 _avolume
_bnc
_2rdacarrier
650 4 _aMODERN MANAGEMENT
_9279
999 _aE145
_c145
_d145